Monarchs and their Descendants - United Kingdom (2022-Present) - Statistics

General Stats
  • This quiz has been taken 360 times
    214 since last reset
  • The average score is 9 of 9
Answer Stats
Hint Answer % Correct
Monarch Charles III
99%
Children Prince Harry, Duke of Sussex
99%
Children William, Prince of Wales
99%
Spouse Camilla, Queen Consort
96%
Grandchildren (William) Princess Charlotte of Wales
94%
Grandchildren (Harry) Archie Mountbatten-Windsor
93%
Grandchildren (William) Prince George of Wales
93%
Grandchildren (Harry) Lilibet Mountbatten-Windsor
90%
Grandchildren (William) Prince Louis of Wales
90%
No matching quizzes found
Score Distribution
Percent of People with Each Score
Percentile by Number Answered
Your Score History
You have not taken this quiz since the last reset